2005 NFL Pro Bowlers - Statistics

General Stats
  • This quiz has been taken 8 times
  • The average score is 35 of 98
Answer Stats
Position/Conference Answer Team % Correct
AFC Tight End Antonio Gates San Diego Chargers
100%
AFC Quarterback Carson Palmer Cincinnati Bengals
100%
AFC Wide Receiver Chad Johnson Cincinnati Bengals
100%
AFC Defensive End Dwight Freeney Indianapolis Colts
100%
AFC Running Back Edgerrin James Indianapolis Colts
100%
AFC Quarterback Jake Plummer Denver Broncos
100%
AFC Defensive End Jason Taylor Miami Dolphins
100%
AFC Running Back LaDainian Tomlinson San Diego Chargers
100%
AFC Running Back Larry Johnson Kansas City Chiefs
100%
AFC Wide Receiver Marvin Harrison Indianapolis Colts
100%
AFC Quarterback Peyton Manning Indianapolis Colts
100%
AFC Wide Receiver Rod Smith Denver Broncos
100%
NFC Wide Receiver Steve Smith Carolina Panthers
100%
AFC Quarterback Tom Brady New England Patriots
100%
AFC Tight End Tony Gonzalez Kansas City Chiefs
100%
AFC Safety Troy Polamalu Pittsburgh Steelers
100%
AFC Safety Bob Sanders Indianapolis Colts
75%
NFC Quarterback Jake Delhomme Carolina Panthers
75%
AFC Defensive Tackle Jamal Williams San Diego Chargers
75%
AFC Offensive Tackle Jonathan Ogden Baltimore Ravens
75%
NFC Quarterback Matt Hasselbeck Seattle Seahawks
75%
AFC Quarterback Steve McNair Tennessee Titans
75%
AFC Quarterback Trent Green Kansas City Chiefs
75%
AFC Defensive Tackle Casey Hampton Pittsburgh Steelers
50%
AFC Cornerback Champ Bailey Denver Broncos
50%
AFC Center Jeff Saturday Indianapolis Colts
50%
AFC Safety John Lynch Denver Broncos
50%
AFC Fullback Lorenzo Neal San Diego Chargers
50%
AFC Defensive Tackle Marcus Stroud Jacksonville Jaguars
50%
NFC Quarterback Michael Vick Atlanta Falcons
50%
NFC Offensive Tackle Orlando Pace St. Louis Rams
50%
AFC Defensive End Richard Seymour New England Patriots
50%
NFC Safety Roy Williams Dallas Cowboys
50%
AFC Linebacker Shawne Merriman San Diego Chargers
50%
AFC Linebacker Zach Thomas Miami Dolphins
50%
AFC Offensive Guard Alan Faneca Pittsburgh Steelers
25%
AFC Punter Brian Moorman Buffalo Bills
25%
NFC Linebacker Brian Urlacher Chicago Bears
25%
AFC Offensive Guard Brian Waters Kansas City Chiefs
25%
AFC Wide Receiver Chris Chambers Miami Dolphins
25%
AFC Cornerback Deltha O'Neal Cincinnati Bengals
25%
NFC Linebacker Derrick Brooks Tampa Bay Buccaneers
25%
AFC Defensive End Derrick Burgess Oakland Raiders
25%
NFC Tight End Jason Witten Dallas Cowboys
25%
AFC Returner Jerome Mathis Houston Texans
25%
AFC Linebacker Joey Porter Pittsburgh Steelers
25%
AFC Linebacker Jonathan Vilma New York Jets
25%
NFC Defensive End Julius Peppers Carolina Panthers
25%
AFC Defensive End Kyle Vanden Bosch Tennessee Titans
25%
NFC Offensive Guard Larry Allen Dallas Cowboys
25%
NFC Wide Receiver Larry Fitzgerald Arizona Cardinals
25%
NFC Fullback Mack Strong Seattle Seahawks
25%
NFC Defensive End Michael Strahan New York Giants
25%
NFC Safety Mike Brown Chicago Bears
25%
NFC Cornerback Ronde Barber Tampa Bay Buccaneers
25%
NFC Running Back Shaun Alexander Seattle Seahawks
25%
AFC Offensive Tackle Tarik Glenn Indianapolis Colts
25%
NFC Running Back Tiki Barber New York Giants
25%
NFC Wide Receiver Torry Holt St. Louis Rams
25%
AFC Cornerback Ty Law New York Jets
25%
NFC Offensive Tackle Walter Jones Seattle Seahawks
25%
NFC Running Back Warrick Dunn Atlanta Falcons
25%
AFC Offensive Tackle Willie Anderson Cincinnati Bengals
25%
AFC Offensive Tackle Willie Roaf Kansas City Chiefs
25%
AFC Offensive Guard Will Shields Kansas City Chiefs
25%
NFC Tight End Alge Crumpler Atlanta Falcons
0%
AFC Linebacker Al Wilson Denver Broncos
0%
NFC Safety Brian Dawkins Philadelphia Eagles
0%
AFC Linebacker Cato June Indianapolis Colts
0%
NFC Offensive Tackle Chris Samuels Washington Redskins
0%
NFC Safety Darren Sharper Minnesota Vikings
0%
NFC Special Teamer David Tyree New York Giants
0%
NFC Cornerback DeAngelo Hall Atlanta Falcons
0%
AFC Special Teamer Hanik Milligan San Diego Chargers
0%
AFC Center Jeff Hartings Pittsburgh Steelers
0%
NFC Linebacker Jeremiah Trotter Philadelphia Eagles
0%
NFC Tight End Jeremy Shockey New York Giants
0%
NFC Punter Josh Bidwell Tampa Bay Buccaneers
0%
NFC Linebacker Keith Brooking Atlanta Falcons
0%
NFC Returner Koren Robinson Minnesota Vikings
0%
NFC Linebacker Lance Briggs Chicago Bears
0%
NFC Defensive Tackle La'Roi Glover Dallas Cowboys
0%
NFC Center LeCharles Bentley New Orleans Saints
0%
NFC Linebacker Lofa Tatupu Seattle Seahawks
0%
NFC Long Snapper Mike Bartrum Philadelphia Eagles
0%
AFC Long Snapper Mike Schneck Buffalo Bills
0%
NFC Offensive Guard Mike Wahle Carolina Panthers
0%
NFC Cornerback Nathan Vasher Chicago Bears
0%
NFC Kicker Neil Rackers Arizona Cardinals
0%
NFC Center Olin Kreutz Chicago Bears
0%
NFC Defensive End Osi Umenyiora New York Giants
0%
NFC Center Robbie Tobeck Seattle Seahawks
0%
NFC Defensive Tackle Rod Coleman Atlanta Falcons
0%
NFC Wide Receiver Santana Moss Washington Redskins
0%
NFC Defensive Tackle Shaun Rogers Detroit Lions
0%
AFC Kicker Shayne Graham Cincinnati Bengals
0%
NFC Offensive Guard Steve Hutchinson Seattle Seahawks
0%
NFC Defensive Tackle Tommie Harris Chicago Bears
0%
No matching quizzes found
Score Distribution
Percent of People with Each Score
Percentile by Number Answered
Your Score History
You have not taken this quiz